Tuyển chọn các bài toán hay và khó 5 Tài liệu bồi dưỡng học sinh giỏi toán
v.v...
Đã lưu trong:
| Tác giả chính: | |
|---|---|
| Định dạng: | Sách |
| Năm xuất bản: |
TP. Hồ Chí Minh
Tổng hợp
2006
|
| Chủ đề: | |
| Tags: |
Thêm thẻ
Không có thẻ, Hãy là người đầu tiên gắn thẻ bản ghi này!
|
| LEADER | 03080nam a2200349 4500 | ||
|---|---|---|---|
| 999 | |c 11042 |d 11042 | ||
| 082 | |a 372.7 |b PH104TH | ||
| 100 | |a Phạm Thị Minh Tâm | ||
| 245 | |a Tuyển chọn các bài toán hay và khó 5 |c Phạm Thị Minh Tâm |b Tài liệu bồi dưỡng học sinh giỏi toán | ||
| 260 | |a TP. Hồ Chí Minh |b Tổng hợp |c 2006 | ||
| 300 | |a 248 tr |c 24 cm. | ||
| 520 | |a v.v... | ||
| 653 | |a Giáo dục tiểu học | ||
| 653 | |a Toán học | ||
| 653 | |a Lớp 5 | ||
| 653 | |a Bài toán | ||
| 942 | |2 ddc |c STK0 | ||
| 952 | |0 0 |1 0 |2 ddc |4 0 |6 372_700000000000000_PH104TH |7 0 |8 300 |9 95074 |a qbu |b qbu |c D2 |d 2015-09-29 |g 25000 |o 372.7 PH104TH |p 10888.c1 |r 0000-00-00 |w 2015-09-29 |y STK0 | ||
| 952 | |0 0 |1 0 |2 ddc |4 0 |6 372_700000000000000_PH104TH |7 0 |8 300 |9 95075 |a qbu |b qbu |c D2 |d 2015-09-29 |g 25000 |l 3 |o 372.7 PH104TH |p 10888.c2 |r 2017-11-14 |s 2017-11-06 |w 2015-09-29 |y STK0 | ||
| 952 | |0 0 |1 0 |2 ddc |4 0 |6 372_700000000000000_PH104TH |7 0 |8 300 |9 95076 |a qbu |b qbu |c D2 |d 2015-09-29 |g 25000 |o 372.7 PH104TH |p 10888.c3 |r 0000-00-00 |w 2015-09-29 |y STK0 | ||
| 952 | |0 0 |1 0 |2 ddc |4 0 |6 372_700000000000000_PH104TH |7 0 |8 300 |9 95077 |a qbu |b qbu |c D2 |d 2015-09-29 |g 25000 |l 1 |o 372.7 PH104TH |p 10888.c4 |r 2017-04-04 |s 2017-03-24 |w 2015-09-29 |y STK0 | ||
| 952 | |0 0 |1 0 |2 ddc |4 0 |6 372_700000000000000_PH104TH |7 0 |8 300 |9 95078 |a qbu |b qbu |c D2 |d 2015-09-29 |g 25000 |l 2 |m 1 |o 372.7 PH104TH |p 10888.c5 |r 2018-01-26 |s 2018-01-17 |w 2015-09-29 |y STK0 | ||
| 952 | |0 0 |1 0 |2 ddc |4 0 |6 372_700000000000000_PH104TH |7 0 |8 300 |9 95079 |a qbu |b qbu |c D2 |d 2015-09-29 |g 25000 |o 372.7 PH104TH |p 10888.c6 |r 0000-00-00 |w 2015-09-29 |y STK0 | ||
| 952 | |0 0 |1 0 |2 ddc |4 0 |6 372_700000000000000_PH104TH |7 0 |8 300 |9 95080 |a qbu |b qbu |c D2 |d 2015-09-29 |g 25000 |o 372.7 PH104TH |p 10888.c7 |r 0000-00-00 |w 2015-09-29 |y STK0 | ||
| 952 | |0 0 |1 0 |2 ddc |4 0 |6 372_700000000000000_PH104TH |7 0 |8 300 |9 95081 |a qbu |b qbu |c D2 |d 2015-09-29 |g 25000 |o 372.7 PH104TH |p 10888.c8 |r 0000-00-00 |w 2015-09-29 |y STK0 | ||
| 952 | |0 0 |1 0 |2 ddc |4 0 |6 372_700000000000000_PH104TH |7 0 |8 300 |9 95082 |a qbu |b qbu |c D2 |d 2015-09-29 |g 25000 |l 2 |o 372.7 PH104TH |p 10888.c9 |r 2018-01-16 |s 2018-01-15 |w 2015-09-29 |y STK0 | ||
| 952 | |0 0 |1 0 |2 ddc |4 0 |6 372_700000000000000_PH104TH |7 0 |8 300 |9 95083 |a qbu |b qbu |c D2 |d 2015-09-29 |g 25000 |l 1 |o 372.7 PH104TH |p 10888.c10 |r 2017-10-30 |s 2017-10-18 |w 2015-09-29 |y STK0 | ||
| 952 | |0 0 |1 0 |2 ddc |4 0 |6 372_700000000000000_PH104TH |7 0 |8 300 |9 95084 |a qbu |b qbu |c D2 |d 2015-09-29 |g 25000 |l 1 |o 372.7 PH104TH |p 10888.c11 |r 2017-05-18 |s 2017-05-16 |w 2015-09-29 |y STK0 | ||
| 952 | |0 0 |1 0 |2 ddc |4 0 |6 372_700000000000000_PH104TH |7 0 |8 300 |9 95085 |a qbu |b qbu |c D2 |d 2015-09-29 |g 25000 |l 2 |o 372.7 PH104TH |p 10888.c12 |r 2017-09-25 |s 2017-09-18 |w 2015-09-29 |y STK0 | ||
| 952 | |0 0 |1 0 |2 ddc |4 0 |6 372_700000000000000_PH104TH |7 0 |8 300 |9 95086 |a qbu |b qbu |c D2 |d 2015-09-29 |g 25000 |l 1 |o 372.7 PH104TH |p 10888.c13 |r 2018-05-11 |s 2018-05-07 |w 2015-09-29 |y STK0 | ||
| 952 | |0 0 |1 0 |2 ddc |4 0 |6 372_700000000000000_PH104TH |7 0 |8 300 |9 95087 |a qbu |b qbu |c D2 |d 2015-09-29 |g 25000 |l 2 |m 1 |o 372.7 PH104TH |p 10888.c14 |r 2016-11-21 |s 2016-11-01 |w 2015-09-29 |y STK0 | ||
| 952 | |0 0 |1 0 |2 ddc |4 0 |6 372_700000000000000_PH104TH |7 0 |8 300 |9 95088 |a qbu |b qbu |c D2 |d 2015-09-29 |g 25000 |o 372.7 PH104TH |p 10888.c15 |r 0000-00-00 |w 2015-09-29 |y STK0 | ||